LDR 01205naa#a2200217#i#450# 001 RU\\bibl\19256 005 20260418174121.6 100 ## _a20260417b2026####ek#y0rusy0150####ca 102 ## _aRU 200 1# _aПРИМЕНЕНИЕ БЕСПИЛОТНЫХ АВТОМОБИЛЕЙ НА ЗАКРЫТЫХ ТЕРРИТОРИЯХ ПРОМЫШЛЕННЫХ ПРЕДПРИЯТИЙ _eСтатья/тезисы конференции 210 1# _aВоронеж _cВоронежский государственный лесотехнический университет имени Г.Ф. Морозова _d2026 215 ## _a5 с. 608 ## _aСтатья/тезисы конференции _2local 675 ## _aПрочие вопросы организации и эксплуатации транспорта. 656.09 _z 700 #1 _aСтасюк _gВладимир Владимирович 700 #1 _aЖайворонок _gДенис Александрович 700 #1 _aСтасюк _gА. В. 700 #1 _aКлимова _gГалина Николаевна 700 #1 _aВеневитина _gСветлана Семеновна 700 #1 _aЧерников _gЭдуард Анатольевич 856 4# _abibl.vgltu.ru _u